| 000 | 00492nam a22001337a 4500 | ||
|---|---|---|---|
| 082 |
_a658.47 _bDIS _cMCE |
||
| 245 |
_aDisaster Management Books: Using the vulnerability and capacity assessment tool in Rwanda _cDisaster |
||
| 260 |
_aSwitzerland _bInternational Federation of Red Cross and Red Crescent Societies _c2003 |
||
| 300 |
_a47 P.: _bill,; _c22 cm. |
||
| 526 |
_a0 _b0 _c0 _d658_470000000000000_DIS |
||
| 526 |
_a0 _b0 _c0 _d658_470000000000000_DIS |
||
| 650 |
_aMCE _9379 |
||
| 942 |
_2ddc _cBK |
||
| 999 |
_c550261 _d550261 |
||